000
00303nam a22001337a 4500
008
190226b xxu||||| |||| 00| 0 eng d
020
_a
9780803628045
041
_a
eng
080
_2
4th
_a
610.73
100
_a
1
101
_a
INF
245
_a
Nursing Diagnosis Manual
_c
Doenges, M.E
942
_2
udc
_c
BK
999
_c
54323
_d
54323